Stati con più Buddisti in Asia - Statistics

Statistiche generali
  • Questo quiz è stato fatto 7 volte
  • Il punteggio medio è 9 su 10
Statistiche sulle risposte
Buddisti (in numeri assoluti) Stato % Corretto
244 130 000 Cina
100%
45 820 000 Giappone
100%
9 250 000 India
100%
5 010 000 Malaysia
100%
64 420 000 Thailandia
100%
14 380 000 Vietnam
100%
38 410 000 Birmania
86%
13 690 000 Cambogia
86%
11 050 000 Corea del Sud
86%
14 450 000 Sri Lanka
71%
Nessun quiz corrispondente trovato
Distribuzione punteggi
Percentuale di utenti per punteggio
Percentile per numero di risposta
I tuoi punteggi nel tempo
Non hai fatto questo quiz